000 00441nab a2200145Ia 4500
003 ES-SlBCS
005 20210601133741.0
008 140529s2010 xxu||||| |||| 00| 0 por d
041 _apor
100 1 _aChaves do Santos, Vladimir
_9209221
245 0 2 _aA Atlântida e os ciclos em Vico
_c Vladimir Chaves Do Santos
600 1 4 _aVico
_9139456
773 0 _tEducaçao e Filosofia
_gvol. 24, nº. 47, 2010, págs. 15-38
_wRev1534
942 _cAR
999 _c601529
_d601529